| 000 | 00952cam a22002897a 4500 | ||
|---|---|---|---|
| 003 | CHAP | ||
| 005 | 20220329135003.0 | ||
| 008 | 971013s r 00010 d | ||
| 010 | _a29123 | ||
| 011 | _a30095 | ||
| 035 | _a34207 | ||
| 040 | _cCHAP | ||
| 090 | _aR-1226 | ||
| 100 | 0 | 0 |
_aMacNeish, Richard S. _969487 |
| 245 | 1 | 2 | _aA summary of the subsistence |
| 500 | _aSobretiro de: Byers, Douglas S., ed. The prehistory of Tehuacán Valley. Autin, University of Texas, 1967, v.1: 290-309 | ||
| 590 |
_aBATCH-UPD _b10 _c20130110 _lUCH01 _h1656 |
||
| 590 |
_aBATCH-UPD _b10 _c20130410 _lUCH01 _h1045 |
||
| 590 |
_aBATCH-UPD _b10 _c20130914 _lUCH01 _h1331 |
||
| 590 |
_aCONVERSION _b10 _c20130109 _lUCH01 _h1317 |
||
| 650 | 1 | 4 |
_aEtnobotánica _xPuebla. _938632 |
| 650 | 1 | 4 |
_aPaleobotánica _xPuebla. _984903 |
| 650 | 1 | 4 |
_aTehuacán, Pue _xAgricultura _xHistoria. _9111996 |
| 901 | _aBK | ||
| 942 | _cREIMP | ||
| 949 |
_aR-1226 _bBC _cR _d-79290 _eTS1 _i34207 _si |
||
| 999 |
_c29123 _d29123 |
||